000 00450cam a22001337a 4500
008 180718b1987 xxu||||| |||| 00| 0 eng d
082 _aA81x54 In2/81/18/PT8A&B/2
100 _aCensus of India 1981
245 _aRajasthan: household tables
260 _aDelhi
_bThe Controller of Publications
_c1987
300 _a776+p.
440 _aCensus of India 1981. Series-18, Rajasthan. Part-VIII A & B (ii)
500 _aContents: Tables 6 to 9, 11, 12, & 17
999 _c483265
_d483265